000 00718 a2200253 4500
502 _aThèse de Doctorat
260 _aWageningen
653 1 _aAgronomie
100 _aWOUTERS-WESSELING, Wendeline
041 _bEn
260 _bUniversité de Wageningen
300 _a159 p.
245 _aImpact of nutrition supplements on health indices in elderly people
650 _aNUTRITION
260 _c01 Novembre 2002
300 _bIll., Couv. ill. ; 24 cm
130 _lEn
040 _aSupport
041 _bEn
653 1 _aNutrition et Sciences Alimentaires
100 _uAbomey-Calavi, Université d'Abomey-Calavi, Faculté des Sciences Agronomiques, Bj
020 _a90-5808-681-X
999 _c32248
_d32248